000 00567nam a2200229Ia 4500
003 OSt
005 20220916111013.0
006 a|||||r|||| 00| 0
007 ta
008 220915b |||||||| |||| 00| 0 eng d
024 _a95516
037 _cTextbook
040 _beng
_aARTS
_cARTS
041 _aeng
082 _aU6:65, J5 (906)
100 _apedler F J
245 0 _aEconomic gepgraphy of West Africa
260 _c1955
650 _aCOMMERCIAL GEOGRAPHY
942 _hU6:65, J5 (906)
_cTB
_2CC
999 _c103093
_d103093